Catálogo - Centro de Recursos para el Aprendizaje y la Investigación

Volver al Sitio - CRAI Biblioteca

El amparo en El Salvador / (Registro nro. 113550)

Detalles MARC
000 -CABECERA
campo de control de longitud fija 01346nam a2200253 4500
001 - NÚMERO DE CONTROL
campo de control 113550
003 - IDENTIFICADOR DEL NÚMERO DE CONTROL
campo de control DR-UNIBE
005 - FECHA Y HORA DE LA ÚLTIMA TRANSACCIÓN
campo de control 20250506091452.0
008 - DATOS DE LONGITUD FIJA--INFORMACIÓN GENERAL
campo de control de longitud fija 250502b es ||||| |||| 00| 0 spa d
040 ## - FUENTE DE LA CATALOGACIÓN
Centro catalogador/agencia de origen BIBLIOTECA UNIBE
Centro/agencia transcriptor BIBLIOTECA UNIBE
Lengua de catalogación spa
Normas de descripción rda
041 ## - CÓDIGO DE LENGUA
Código de lengua del texto/banda sonora o título independiente spa
082 ## - NÚMERO DE LA CLASIFICACIÓN DECIMAL DEWEY
Número de edición 22
Número de clasificación 342.22 M773a
100 10 - ENTRADA PRINCIPAL--NOMBRE DE PERSONA
Nombre de persona Montecino Giral, Manuel Arturo
9 (RLIN) 194900
Término indicativo de función/relación autor
245 13 - MENCIÓN DE TÍTULO
Título El amparo en El Salvador /
Mención de responsabilidad, etc. Manuel Arturo Montecino Giralt; diseño de portada y diagramación: Roxana Maricela López de Linares ; prólogo: Cayetano Núñez Rivera
250 ## - MENCIÓN DE EDICIÓN
Mención de edición Primera edición
260 ## - PUBLICACIÓN, DISTRIBUCIÓN, ETC.
Lugar de publicación, distribución, etc. San Salvador
Nombre del editor, distribuidor, etc. Corte Suprema de Justicia. Sección de Publicaciones,
Fecha de publicación, distribución, etc. 2005
300 ## - DESCRIPCIÓN FÍSICA
Extensión 297 páginas :
Dimensiones 24 x 18 cm
504 ## - NOTA DE BIBLIOGRAFÍA, ETC.
Nota de bibliografía, etc. Incluye bibliografía
505 ## - NOTA DE CONTENIDO CON FORMATO
Nota de contenido con formato Prólogo |<br/>Introducción |<br/>Capítulo I. Antecedentes e influencias del amparo en El Salvador |<br/>Capítulo II. Aspectos generales del amparo y su pretensión |<br/>Capítulo III. Capacidad y legitimación procesal en el amparo |<br/>Capítulo IV. Presupuestos procesales y la demanda de amparo y sus rechazos liminares |<br/>Bibliografía<br/>
650 #7 - PUNTO DE ACCESO ADICIONAL DE MATERIA--TÉRMINO DE MATERIA
Término de materia o nombre geográfico como elemento de entrada Recurso de amparo
Subdivisión general Legislación
Subdivisión geográfica El Salvador
9 (RLIN) 194906
700 10 - PUNTO DE ACCESO ADICIONAL--NOMBRE DE PERSONA
Nombre de persona López de Linares, Roxana Maricela
9 (RLIN) 194902
Término indicativo de función/relación diseñador de portada
-- diagramador
700 10 - PUNTO DE ACCESO ADICIONAL--NOMBRE DE PERSONA
Nombre de persona Núñez Rivero, Cayetano
9 (RLIN) 194903
Término indicativo de función/relación próloguista
942 ## - ELEMENTOS DE PUNTO DE ACCESO ADICIONAL (KOHA)
Fuente del sistema de clasificación o colocación Sistema de Clasificación Decimal Dewey
Tipo de ítem Koha Libro (general)
Existencias
Estado de retiro Estado de pérdida Fuente del sistema de clasificación o colocación No para préstamo Código de colección Localización permanente Fecha de adquisición Total de préstamos Signatura topográfica completa Código de barras Fecha visto por última vez Número de copia Precio válido a partir de Tipo de ítem Koha
  Disponible Sistema de Clasificación Decimal Dewey   General Biblioteca Central UNIBE 08/04/2025   342.22 M773a 250399 02/05/2025 Ej. 1 02/05/2025 Libro (general)